| 000 | 00728nam a22002057a 4500 | ||
|---|---|---|---|
| 005 | 2010072602032.0 | ||
| 010 | _aENG-96587 | ||
| 020 |
_a818316157x _c600.00 |
||
| 035 | _aEN-80120 | ||
| 037 | _bDBAD/PUB | ||
| 082 | _a488 | ||
| 100 |
_aAdinarayana, L. _91413 |
||
| 245 |
_aSpoken english : _cby L.Adinarayana _bintensive practice to speak appropriately,fluently & accurately / |
||
| 260 |
_aNew Delhi _bNeelkamal Publication _c2007 |
||
| 270 |
_aBG5/9B,Paschim Vihar _bNew Delhi _e110063 |
||
| 300 |
_aviii,320p. _c23cm (Hb) _e1 CD-ROM |
||
| 700 | _91414 | ||
| 942 |
_2ddc _cEN _h488 _mADI |
||
| 999 |
_c37662 _d37662 |
||